Größte Städte Baden Württembergs - Statistiken

Allgemein
  • Dieses Quiz wurde 51 mal gespielt
  • Das Durchschnittsergebnis liegt bei 28 aus 50
Antwortstatistiken
Hint Antwort % Korrekt
236.236 Freiburg
100%
613.111 Stuttgart
100%
308.197 Karlsruhe
95%
316.256 Mannheim
95%
128.998 Ulm
93%
155.175 Heidelberg
86%
86.898 Konstanz
82%
118.770 Reutlingen
80%
135.087 Pforzheim
77%
131.653 Heilbronn
75%
92.952 Ludwigsburg
70%
91.763 Tübingen
70%
96.470 Esslingen
68%
62.929 Friedrichshafen
64%
50.471 Heidenheim
64%
67.724 Aalen
61%
89.286 Villingen Schwenningen
61%
56.526 Baden-Baden
59%
50.512 Lörrach
57%
50.660 Ravensburg
57%
64.116 Schwäbisch Gmünd
57%
42.363 Schwäbisch Hall
57%
37.283 Sinsheim
55%
47.574 Bruchsal
52%
57.268 Waiblingen
52%
51.405 Böblingen
50%
58.802 Göppingen
50%
51.073 Rastatt
50%
37.167 Tuttlingen
50%
63.110 Offenburg
48%
46.010 Filderstadt
45%
49.043 Leonberg
45%
61.296 Sindelfingen
45%
35.346 Crailsheim
43%
35.474 Balingen
39%
40.765 Nürtingen
39%
39.458 Kehl
36%
45.475 Rottenburg
36%
47.263 Singen
36%
46.919 Albstadt
34%
38.643 Backnang
34%
47.123 Fellbach
34%
50.018 Lahr
34%
41.042 Leinfelden-Echterdingen
34%
39.612 Ostfildern
34%
43.651 Bietigheim-Bissingen
32%
38.597 Ettlingen
32%
42.412 Kirchheim
32%
45.775 Weinheim
32%
41.286 Schorndorf
27%
Keine übereinstimmenden Quizze gefunden
Verteilung der Resultate
Anzahl Personen mit jedem Resultat
Perzentil nach korrekt beantworteten Fragen
Ihre Resultats-Entwicklung
Sie haben dieses Quiz noch nicht gespielt